1708 1276 1482 1509 1714 1495 1746 1513 1277 1795 1513 1268 1206 1107 1816 1991 1895 1189 1008 1861 1597 1939 1885 1422 1710 1182 1881 1416 1987 1667 1099 1326 1925 1371 1214 1655 1588 1155 1044 1635 1793 1977 1268 1760 1916 1057 1083 1009 1899 1941 1613 1925 1187 1674 1656 1985 1126 1122 1353 1649 1308 1283 1089 1399 1674 1101 1934 1488 1105 1352 1470 1210 1298 1991 1214 1921 1346 1914 1496 1424 1651 1457 1552 1706 1106 1420 1396 1172 1964 1346 1804 1700 1469 1585 1926 1136 1536 1162 1538 BCNSPRNW ULIB Ver.6.0+V

เปลี่ยนเป็นภาษาไทย

Change to English
 แสดงรายละเอียดบรรณานุกรม
  กลับหน้าหลัก

Brief Record : Get Marc (ISO 2709) : E-mail record : QR code < ปิดหน้าต่าง
LEADER : 00000nam 2200000uu 4500
001    13399123425
003     ULIB
008    140915s2454||||th 000 0 tha d
099    วจ WY157^bก157ผ
100 0  กรกาญจน์ ปานสุวรรณ
245 00 ผลการใช้โปรแกรมการสอนที่ประยุกต์ทฤษฎีของโอเร็มต่อความรู้และทักษะการดูแลตนเองของหญิงหลังคลอดครรภ์แรก
945    ^p0^l0^i016110
999    ^aเกษร โพธิ์สุวรรณ
รายการนี้ยังไม่มีแท็ก
คุณยังไม่ได้ล็อกอิน คุณสามารถมีกิจกรรมร่วมกับเว็บไซต์ได้ แต่ต้องล็อกอินก่อน ::
  ล็อกอิน

รายการสื่อสารสนเทศ

ลำดับที่ ประเภท เลขเรียก/บาร์โค้ด สถานที่ สถานะ
1. งานวิจัย
งานวิจัย
วจ WY157 ก157ผ ฉ.1 
  Barcode: 016110
ห้องสมุดวิทยาเขตสวรรค์ประชารักษ์
►วิจัย
บนชั้น

BibComment


ยังไม่เคยถูกคอมเมนท์

คอมเมนท์ทรัพยากรรายการนี้
  คอมเมนท์: ผลการใช้โปรแกรมกา..


 Copyright 2026. Bcnsprnw @Library